| 000 | 00873 a2200253 4500 | ||
|---|---|---|---|
| 005 | 20180312141942.0 | ||
| 008 | 130930s2002 sp a ar|||| 00| 0 spa d | ||
| 020 | _a8434888548 | ||
| 040 |
_aCO-BoUCM _bspa _cJose A. Gerena _dDiana Londoño |
||
| 041 | 0 | 0 | _aspa |
| 100 | 1 |
_aBlake, Quentin _946791 |
|
| 245 | 1 | 0 |
_aEste niño es un terremoto _cQuentin Blake ; traducción de P. Rozanera |
| 260 |
_c2002 _bSM _aMadrid (España) |
||
| 300 |
_a32 páginas _bilustraciones a color |
||
| 490 |
_aLos piratas _aEl barco de vapor _v67 |
||
| 650 | 7 |
_912283 _aCuentos infantiles |
|
| 650 | 7 |
_9272 _aLiteratura inglesa |
|
| 650 | 7 |
_937305 _aCuentos ilustrados para niños |
|
| 690 |
_942863 _aLiteratura europea |
||
| 700 | 1 |
_aRozanera, P. _etraductor _946792 |
|
| 765 | _tZagazoo | ||
| 942 |
_a18 _cLIBRO _e1 _mB636e _2DEWEY _h828.914 _n0 |
||
| 999 |
_c181724 _d181724 |
||